000 00601nam a2200229Ia 4500
003 OSt
005 20221006150350.0
006 a|||||r|||| 00| 0
007 ta
008 221006b |||||||| |||| 00| 0 jpn d
024 _a18,367
037 _bGift, J F
_cTextual
040 _aEASL
_cEASL
_bjpn
041 _2jpn
_ajpn
082 _aP41,9, L2.1-.2
100 _aFOREIGN LANGUAGE PRESS
_9656463
245 0 _aBeijing, Book 1& 2
260 _c1972
300 _a193p.
_ccm.
942 _hP41,9, L2.1-.2
_cTEXL
_2CC
999 _c1086453
_d1086453